Thuốc và sức khỏe Số 649
Trong số này có một số nội dung về Thờ cúng tổ tiên; Tăng cân có thể do tác dụng phụ của thuốc; Sử dụng thuốc gì khi bị quai bị; Cam thảo đá bia; Rau dệu; Tiêu chảy: Phòng và ngừa bằng y học cổ truyền;......
Zapisane w:
| Format: | Książka |
|---|---|
| Język: | Vietnamese |
| Wydane: |
H.
Hội Dược học Việt Nam
2021
|
| Hasła przedmiotowe: | |
| Etykiety: |
Dodaj etykietę
Nie ma etykietki, Dołącz pierwszą etykiete!
|
| Thư viện lưu trữ: | Thư viện Trường Đại học Nam Cần Thơ |
|---|
| LEADER | 01042nam a22002177a 4500 | ||
|---|---|---|---|
| 001 | NCT_117428 | ||
| 008 | 220427b xxu||||| |||| 00| 0 vie d | ||
| 999 | |c 5997 |d 5997 | ||
| 022 | |a 1859-1922 | ||
| 041 | |a vie | ||
| 082 | 0 | 4 | |2 23rd ed. |a 615 |b Th514V |
| 245 | 0 | 0 | |a Thuốc và sức khỏe |n Số 649 |c Hội Dược học Việt Nam |
| 260 | |a H. |b Hội Dược học Việt Nam |c 2021 | ||
| 300 | |c 27cm | ||
| 310 | |a Hàng tháng | ||
| 362 | |a 06/2018 | ||
| 520 | 3 | |a Trong số này có một số nội dung về Thờ cúng tổ tiên; Tăng cân có thể do tác dụng phụ của thuốc; Sử dụng thuốc gì khi bị quai bị; Cam thảo đá bia; Rau dệu; Tiêu chảy: Phòng và ngừa bằng y học cổ truyền;... | |
| 655 | |a Tạp chí | ||
| 942 | |2 ddc |c CR | ||
| 952 | |0 0 |1 0 |2 ddc |4 0 |6 615_000000000000000_TH514V |7 0 |9 23506 |a 000001 |b 000001 |d 2022-05-05 |o 615 Th514V |r 2022-05-05 |w 2022-05-05 |y CR | ||
| 980 | |a Thư viện Trường Đại học Nam Cần Thơ | ||